Movies Quiz

Random Movies Quiz

Benedict Cumberbatch characters Quiz Stats

 Plays Quiz not verified by Sporcle

Score 0/44 Timer 10:00
0 Plays Today
Hint Answer % Correct
Sherlock Holmes (2010-present)Sherlock
97.4%
Khan (2013)Star Trek Into Darkness
82.2%
Maj. Jamie Stewart (2011)War Horse
74.3%
Smaug / Necromancer (2013)The Hobbit: The Desolation of Smaug
74.3%
Stephen Hawking (2004)Hawking
73%
Julian Assange (2013)The Fifth Estate
71.1%
Christopher Tietjens (2012)Parade's End
61.8%
Alan Rickman / Prime Minister (2013)The Simpsons
61.8%
Ford (2013)12 Years a Slave
61.2%
Little Charles Aiken (2013)August: Osage County
61.2%
Peter Guillam (2011)Tinker Tailor Soldier Spy
60.5%
Necromancer (2012)The Hobbit: An Unexpected Journey
60.5%
Paul Marshall (2007)Atonement
56.6%
James (2010)Third Star
53.3%
Vincent Van Gogh (2010)Van Gogh: Painted with Words
52%
Rory Slippery (2003)Fortysomething
50%
Patrick Watts (2006)Starter For Ten
47.4%
William Pitt (2006)Amazing Grace
46.1%
Negotiator (2010)Four Lions
46.1%
William Carey (2008)The Other Boleyn Girl
42.8%
David (2011)Wreckers
42.8%
Edmund Talbot (2005)To the Ends of the Earth
39.5%
Hint Answer % Correct
Alexander Masters (2007)Stuart: A Life Backwards
37.5%
Stephen Ezard (2008)The Last Enemy
37.5%
Joseph Hooker (2009)Creation
36.8%
Royalist (2003)To Kill a King
35.5%
Nick Kaufman (2010)The Whistleblower
35.5%
Wallace (2013)Little Favour
35.5%
Joe / Charlie (2007)Inseparable
30.9%
Lt Jimmy Langley (2004)Dunkirk
30.3%
Bernard (2009)Small Island
30.3%
Charles (2000)Heartbeat
29.6%
Freddy (2002)Tipping The Velvet
29.6%
Toby Fisher (2004)Heartbeat
29.6%
Henry Clark (2009)Burlesque Fairytales
27.6%
Luke Fitzwilliam (2008)Agatha Christie's Marple
25.7%
Warren Reid (2002)Silent Witness
23.7%
Edward Hand (2003)Cambridge Spies
23%
Robin (2005)Nathan Barley
23%
Will Parker (2005)Broken News
22.4%
Jeremy (2002)Fields Of Gold
21.7%
Humphrey Bogart (2012)Electric Cinema: How to Behave
21.7%
The Man (2002)Hills Like White Elephants
21.1%
Jim North (2003)MI-5
12.5%

You're not logged in!

Compare scores with friends on all Sporcle quizzes.
OR
Log In

Show Comments

Extras

Top Quizzes Today


Score Distribution

Your Account Isn't Verified!

In order to create a playlist on Sporcle, you need to verify the email address you used during registration. Go to your Sporcle Settings to finish the process.

Report this User

Report this user for behavior that violates our Community Guidelines.

Details: